1280 1500 1364 1619 1468 1144 1033 1965 1920 1080 1001 1839 1427 1556 1820 1023 1880 1784 1690 1174 1744 1403 1807 1822 1034 1033 1163 1907 1542 1753 1833 1461 1300 1957 1648 1147 1449 1168 1919 1982 1894 1990 1888 1647 1359 1790 1176 1904 1495 1466 1991 1535 1164 1696 1694 1037 1693 1645 1923 1009 1692 1473 1050 1343 1237 1689 1423 1668 1928 1672 1041 1209 1735 1314 1145 1939 1123 1704 1789 1719 1857 1254 1631 1868 1286 1179 1248 1062 1242 1640 1700 1223 1991 1997 1975 1806 1122 1111 1983 BCNSPRNW ULIB Ver.6.0+V

เปลี่ยนเป็นภาษาไทย

Change to English
 แสดงรายละเอียดบรรณานุกรม
  กลับหน้าหลัก

Brief Record : Get Marc (ISO 2709) : E-mail record : QR code < ปิดหน้าต่าง
LEADER : 00000nam 2200000uu 4500
001    13399113560
003     ULIB
008    111128s2552||||th 000 0 tha d
020    ^a9789746906784
090    ^aนว.^bF111ศ 2552
100 0  ^aDays At segul High
245 00 ^aศึกรักหนุ่มฮอตพิชิตใจยัยโก๊ะ/^cDays At segul High
250    ^aพิมพ์ครั้งที่ 1
260    ^aกรุงเทพฯ :^bดอกหญ้า 2000,^c2552
300    ^a288 หน้า
710 1  ^aดอกหญ้า 2000
945    ^p185^l0^i15830
995    ^aกัณชพร
999    ^aใช้งานได้ทุกระบบ
รายการนี้ยังไม่มีแท็ก
คุณยังไม่ได้ล็อกอิน คุณสามารถมีกิจกรรมร่วมกับเว็บไซต์ได้ แต่ต้องล็อกอินก่อน ::
  ล็อกอิน

รายการสื่อสารสนเทศ

ลำดับที่ ประเภท เลขเรียก/บาร์โค้ด สถานที่ สถานะ
1. วิทยาศาสตร์การแพทย์ และสุขภาพ
วิทยาศาสตร์การแพทย์ และสุขภาพ
นว. F111ศ 2552  
  Barcode: 15830
ห้องสมุดวิทยาเขตสวรรค์ประชารักษ์
►นวนิยาย
บนชั้น
  ขอยืม

BibComment


ยังไม่เคยถูกคอมเมนท์

คอมเมนท์ทรัพยากรรายการนี้
  คอมเมนท์: ศึกรักหนุ่มฮอตพิ..


 Copyright 2026. Bcnsprnw @Library